Dark Souls Trilogy Quiz - Statistics

General Stats
  • This quiz has been taken 913 times
  • The average score is 13 of 15
Answer Stats
Question Answer % Correct
No fast travel available for the first half of the game Dark Souls 1
99%
Can get special weapons by cutting off the tails of bosses Dark Souls 1
98%
Was not directed by Hidetaka Miyazaki Dark Souls 2
98%
In addition to the red (health) and green (stamina) status bars. There is also a blue bar for magic and certain unique attacks Dark Souls 3
98%
Only has one DLC expansion Dark Souls 1
96%
You can choose who your very first boss will be Dark Souls 2
95%
Can change your roll i-frames and the speed at which you drink Estus via a stat Dark Souls 2
92%
Has the Stormruler, a callback to a Demon's Souls weapon Dark Souls 3
92%
The hub is disconnected from the rest of the game Dark Souls 3
91%
Has a weapon that is a "fake" version of the series staple, Moonlight Greatsword Dark Souls 2
84%
Has an alternate final boss Dark Souls 2
84%
Each bonfire replenishes a different amount of Estus Dark Souls 1
81%
You can become a certain boss, or fight other players who are that boss Dark Souls 3
76%
Has an NPC whose gender changes depending on your own Dark Souls 3
74%
You can do somersaults instead of rolls when you dodge Dark Souls 1
68%
No matching quizzes found
Score Distribution
Percent of People with Each Score
Percentile by Number Answered
Your Score History
You have not taken this quiz